000 00657nac a22001811u 4500
010 _a95049050
020 _a8120314778
082 0 0 _a621.3692
_bS55985
090 _c1414
_d1414
100 _aShotwell, R. Allen.
245 1 2 _aAn introduction to fiber optics /
_cR. Allen Shotwell.
260 _aNew Delhi :
_bPrentice Hall of India,
_c2003.
300 _ax, 173 p. :
_bill. ;
_c24 cm.
504 _aIncludes bibliographical references and index.
650 0 _aFiber optics.
942 _cBB
_k621.3692S55985
999 _c1414
_d1414